000 00840nam a22002537a 4500
003 DO-SdBNP
005 20221107092445.0
007 ta
008 110301s2021 dr 000 0 spa d
040 _aDO-SdBNP
_bspa
_cBNPHU
082 4 _222
110 _aFederación Dominicana de Municipios
_981790
245 0 0 _aPlan estratégico institucional :
_b2022-2026 /
_cpresentación Kelvin Cruz
260 _aSanto Domingo :
_bFEDOMU,
_c2021.
300 _a76 p. :
_c23 cm.
590 _aInventariado, 2022/ YL
650 4 _aGobierno local
_zRepública Dominicana
_937338
650 4 _aAdministración municipal
_zRepública Dominicana
650 4 _aMunicipios
_zRepública Dominicana
_917208
700 1 _aCruz, Kelvin,
_epres.
_981450
710 _aFederación Dominicana de Municipios.
_981790
910 _aYLockward
942 _2ddc
_cLBS1
999 _c51940
_d51940